000 00753cam a2200229 4500
001 WB3640-23
008 000000n2000 000 0 eng u
035 _a(Sirsi) u108758
245 _aIndian heatwave
260 _c2000
490 _aFinancial Times
_v6 October 2000, 32(1)
520 _aWarns that Bombay's over-heated commercial property market may struggle to cope with the proposed deregulation of markets.
590 _aWB
650 _aBOMBAY
650 _aINDIA
650 _aPROPERTY-COMMERCIAL PROPERTY-OFFICE PROPERTY-OFFICE PROPERTY MARKET
650 _aPROPERTY-COMMERCIAL PROPERTY-RETAIL PROPERTY-RETAIL PROPERTY MARKET
650 _aPRIVATISATION
650 _aDEREGULATION
690 _aINTERNATIONAL-ASIA
942 _n0
999 _c64928
_d64928